Normal view
MARC view
- Burrough, P. A.
Entry Personal Name
001 - CONTROL NUMBER
- control field: 6626
003 - CONTROL NUMBER IDENTIFIER
- control field: NUST
005 - DATE AND TIME OF LATEST TRANSACTION
- control field: 20171122100657.0
008 - FIXED-LENGTH DATA ELEMENTS
- fixed length control field: 171122|| aca||aabn | a|a d
040 ## - CATALOGING SOURCE
- Original cataloging agency: NUST
- Transcribing agency: NUST
100 ## - HEADING--PERSONAL NAME
- Personal name: Burrough, P. A.
- Title of a work: Principles of geographical information systems for land resources assessment.
670 ## - SOURCE DATA FOUND
- Source citation: Work cat.: (NUST)0: Burrough, P. A. 6623, Principles of geographical information systems /, 1998.
